Alle Bundesländer nach Einwohnern - Statistiken

Allgemein
  • Dieses Quiz wurde 240 mal gespielt
  • Das Durchschnittsergebnis liegt bei 14 aus 16
Antwortstatistiken
Einwohnerzahl Antwort % Korrekt
18.139.116 Nordrhein-Westfahlen
99%
13.369.393 Bayern
97%
11.280.257 Baden-Württemberg
93%
3.755.251 Berlin
90%
8.140.242 Niedersachsen
89%
684.864 Bremen
88%
992.666 Saarland
86%
1.892.122 Hamburg
84%
6.391.360 Hessen
84%
4.086.152 Sachsen
82%
4.159.150 Rheinland-Pfalz
79%
2.126.846 Thüringen
79%
2.573.135 Brandenburg
77%
1.628.378 Mecklenburg-Vorpommern
77%
2.186.643 Sachsen-Anhalt
77%
2.953.270 Schleswig-Holstein
77%
Keine übereinstimmenden Quizze gefunden
Verteilung der Resultate
Anzahl Personen mit jedem Resultat
Perzentil nach korrekt beantworteten Fragen
Ihre Resultats-Entwicklung
Sie haben dieses Quiz noch nicht gespielt